Politique Internationale en H - Statistiques

Statistiques générales
  • Ce quiz a été pris 129 fois
  • Le résultat moyen est 6 sur 10
Statistiques - réponses
Hintn Réponse % Correct
Dirigeant du parti nazi et chancelier de l'Allemagne de 1933 à 1945. Adolf Hitler
100%
Ville japonaise, première de l'histoire à être frappée par une bombe atomique (6 août 1945). Hiroshima
98%
Groupe militant islamiste palestinien qui gouverne la bande de Gaza. Hamas
95%
Ancienne vice-présidente des USA, candidate malheureuse à l'élection présidentielle de 2024. Kamala Harris
80%
Ancien président et dictateur de l'Irak (1979-2003), renversé lors de l'invasion menée par les États-Unis. Saddam Hussein
79%
Figure révolutionnaire et premier président de la République démocratique du Viêt Nam (Nord-Viêt Nam). Hô Chi Minh
62%
Premier et influent directeur du FBI aux États-Unis, resté en poste pendant 48 ans (1924-1972). Edgar Hoover
38%
Groupe rebelle chiite zaydite opérant au Yémen, ciblant le trafic maritime en mer Rouge. Houthis
35%
Actuel président de l'État d'Israël, en fonction depuis 2021, et ancien chef du Parti travailliste. Isaac Herzog
19%
Organisation non gouvernementale internationale qui défend et publie des rapports sur les droits humains. Human Rights Watch
15%
Aucun quiz correspondant
Distribution des résultats
% des personnes avec chaque résultat
Percentile par nombre de réponses
Votre historique - résultats
Vous n’avez pas pris ce quiz